El marco internacional y la crisis general del sistema /
保存先:
| 第一著者: | |
|---|---|
| フォーマット: | テキスト |
| 主題: | |
| タグ: |
タグ追加
タグなし, このレコードへの初めてのタグを付けませんか!
|
MARC
| LEADER | 00000 a a2200000 04500 | ||
|---|---|---|---|
| 001 | 41778 | ||
| 003 | |||
| 040 | |||
| 100 | |a Bonilla Sánchez, Arturo | ||
| 245 | |a El marco internacional y la crisis general del sistema / |c Arturo Bonilla Sánchez | ||
| 650 | |a DEVALUACION | ||
| 650 | |a LUCHA DE CLASES | ||
| 650 | |a CONDICIONES ECONOMICAS | ||
| 650 | |a MEXICO | ||
| 773 | |g volumen10, número38 (1979), páginas 9-26 | ||
| 999 | |c 23836 |d 23836 | ||
